000 00737nam a2200253Ia 4500
001 Z_3021
003 CHAP
008 220113s1999 xx 000 0 und d
010 _a166106
040 _cCHAP
082 _a636.08 R4 1999
100 _aReunión Nacional de Investigación Pecuaria (35 : 1999 : Mérida, Yuc.)
_9140174
245 _aMemorias /
_cpor SAGAR
260 _aMérida, Yuc. :
_bLa Secretaría,
_c1999
300 _a368 p.
650 _aGanadería
_xCongresos I. México. Secretaría de Agricultura, Ganadería y Desarrollo Rural
_9140175
650 _aGanadería
_xInvestigación
_xMéxico
_9137364
901 _a636.08 R4 1999
902 _aM
910 _a1999
942 _c1
942 _cc1
999 _c166106
_d166106